000
00341nam a22001457a 4500
008
221013b ||||| |||| 00| 0 eng d
020
_a
9780721692234
041
_a
eng
080
_2
second edition
_a
616.053
082
_a
616.053 lew
100
_a
14.2
101
_a
PEDI
245
_a
ON CALL PEDIATRICS
_c
LEWIS/NOCTON
942
_2
udc
_c
BK
999
_c
58535
_d
58535